000 00252nam a2200109Ia 4500
008 220120s9999||||xx |||||||||||||| ||und||
020 _a9780375801136
100 _aHolzner, Stweven
_911565
245 0 _aJava 2
260 _bToronto
300 _a105p.
_b0
999 _c136585
_d136585